00382 2200157 4500245003700000020002200037250001100059100002300070650001600093005001900109260004200128041001400170084000800184300002300192336000900215 aTouchecWindhy PuspitadewihText a978-979-22-7000-6 aCet. 1 aWindhy Puspitadewi aNovel Fiksi a20230112150043 aJakartabGramedia Pustaka Utamac2011 aIndonesia a813 a204 hlm. :c20 cm. atext